Statistiken für Deutsche Schlösser und Burgen Quiz

Klicken Sie hier um das Quiz zu spielen!

Allgemein

  • Dieses Quiz wurde 115 mal gespielt
  • Das Durchschnittsergebnis liegt bei 5 aus 15

Antwortstatistiken

Antwort% Korrekt
Schloss Neuschwanstein
99%
Burg Eltz
61%
Schloss Hohenschwangau
44%
Schloss Charlottenburg
43%
Schloss Linderhof
41%
Neues Schloss Herrenchiemsee
38%
Schloss Lichtenstein
34%
Schloss Glücksburg
31%
Marksburg
28%
Reichsburg Cochem
27%
Schloss Drachenburg
22%
Burg Pfalzgrafenstein
20%
Burg Rheinstein
18%
Schloss Stolzenfels
17%
Schloss Moyland
5%

Verteilung der Resultate

Perzentil nach korrekt beantworteten Fragen

Anzahl Personen mit jedem Resultat

Ihre Resultats-Entwicklung

Sie haben dieses Quiz noch nicht gespielt